Aspectos jurídicos de las aplicaciones de plataformas.

Uloženo v:
Podrobná bibliografie
Další autoři: Veltani, Juan Darío (Režisér), Atta, Gustavo, Lalanne, Julio E., Ianello, Romina S., Camps, Carlos E., Forcada, Carlos A.C, Bottini, Carola M., Magariños, María Cecilia
Médium: Neznámo
Jazyk:angličtina
Vydáno: Ciudad Autónoma de Buenos Aires, Argentina Thomson Reuters- La Ley 2020
Edice:Derecho & Tecnología
Témata:
Tagy: Přidat tag
Žádné tagy, Buďte první, kdo vytvoří štítek k tomuto záznamu!

MARC

LEADER 00000 a2200000 4500
003 CL-VaPUC
005 20220120074424.0
008 210112b ||||| |||| 00| 0 eng d
999 |c 432544  |d 432542 
020 |a 9789870339618 
040 |c Pontificia Universidad Católica de Valparaíso 
082 |a 343.078 VEL 2020 
100 |a Veltani, Juan Darío   |9 859422  |e director 
245 |a Aspectos jurídicos de las aplicaciones de plataformas. 
260 |a Ciudad Autónoma de Buenos Aires, Argentina   |b Thomson Reuters-   |b La Ley   |c 2020 
300 |a 352 páginas  
440 |a Derecho & Tecnología   |9 859438 
583 |k Cristina Rojas  |c 20210113 
650 0 |a Derecho informático  |9 371884 
650 |a Aplicaciones informáticas   |9 859454 
700 |a Atta, Gustavo  |9 859455 
700 |a Lalanne, Julio E.   |9 859456 
700 |a Ianello, Romina S.   |9 859457 
700 |a Camps, Carlos E.   |9 859458 
700 |a Forcada, Carlos A.C.   |9 859459 
700 |a Bottini, Carola M.   |9 859460 
700 |a Magariños, María Cecilia   |9 859461 
852 |a BIBCUR 
942 |2 ddc  |c BK 
952 |0 0  |1 0  |2 ddc  |4 0  |6 343_078000000000000_VEL_2020  |7 0  |8 A  |9 577482  |a BIBDER  |b BIBDER  |d 2021-01-12  |e 31  |g 0.00  |i 5619378  |o 343.078 VEL 2020  |p 5619378  |r 2023-01-25  |t 1  |v 0.00  |w 2021-01-12  |y BK  |k DER